The Revelation Spiritual Home. The Revival of African Indigenous Spirituality (Elements in New Religious Movements) by Massimo Introvigne and Rosita Šorytė

The Revelation Spiritual Home. The Revival of African Indigenous Spirituality (Elements in New Religious Movements) by Massimo Introvigne and Rosita Šorytė. Cambridge University Press, 2025. ePDF. 84 pp. ISBN: 9781009630405 (Hb.); 9781009630375 (Pb.); 9781009630399 (ePDF)

Saved in:  
Bibliographic Details
Main Author: Nemes, Márk (Author)
Format: Electronic Review
Language:English
Check availability: HBZ Gateway
Interlibrary Loan:Interlibrary Loan for the Fachinformationsdienste (Specialized Information Services in Germany)
Published: 2023
In: International journal for the study of new religions
Year: 2023, Volume: 14, Issue: 2, Pages: 236-238
Further subjects:B Book review
B Samuel Radebe
B anti-cult movements in Africa
B African traditional healers
B Religious Studies
B African indigenous spirituality
B The Revelation Spiritual Home
Online Access: Presumably Free Access
Volltext (lizenzpflichtig)
Volltext (lizenzpflichtig)

MARC

LEADER 00000naa a22000002c 4500
001 195061204X
003 DE-627
005 20260129134214.0
007 cr uuu---uuuuu
008 260129s2023 xx |||||oo 00| ||eng c
024 7 |a 10.1558/ijsnr.34397  |2 doi 
035 |a (DE-627)195061204X 
035 |a (DE-599)KXP195061204X 
040 |a DE-627  |b ger  |c DE-627  |e rda 
041 |a eng 
084 |a 0  |2 ssgn 
100 1 |a Nemes, Márk  |e VerfasserIn  |4 aut 
245 1 4 |a The Revelation Spiritual Home. The Revival of African Indigenous Spirituality (Elements in New Religious Movements) by Massimo Introvigne and Rosita Šorytė 
264 1 |c 2023 
336 |a Text  |b txt  |2 rdacontent 
337 |a Computermedien  |b c  |2 rdamedia 
338 |a Online-Ressource  |b cr  |2 rdacarrier 
520 |a The Revelation Spiritual Home. The Revival of African Indigenous Spirituality (Elements in New Religious Movements) by Massimo Introvigne and Rosita Šorytė. Cambridge University Press, 2025. ePDF. 84 pp. ISBN: 9781009630405 (Hb.); 9781009630375 (Pb.); 9781009630399 (ePDF) 
601 |a Spiritual 
601 |a Element 
601 |a Introvigne, Massimo 
650 4 |a African indigenous spirituality 
650 4 |a African traditional healers 
650 4 |a Religious Studies 
650 4 |a Samuel Radebe 
650 4 |a The Revelation Spiritual Home 
650 4 |a anti-cult movements in Africa 
655 7 |a Rezension  |0 (DE-588)4049712-4  |0 (DE-627)106186019  |0 (DE-576)209083166  |2 gnd-content 
773 0 8 |i Enthalten in  |t International journal for the study of new religions  |d Sheffield : equinox, 2010  |g 14(2023), 2, Seite 236-238  |h Online-Ressource  |w (DE-627)68771981X  |w (DE-600)2652244-5  |w (DE-576)477533701  |x 2041-952X  |7 nnas 
773 1 8 |g volume:14  |g year:2023  |g number:2  |g pages:236-238 
856 |u https://journal.equinoxpub.com/IJSNR/article/download/34397/32837  |x unpaywall  |z Vermutlich kostenfreier Zugang  |h publisher [deprecated] 
856 4 0 |u https://doi.org/10.1558/ijsnr.34397  |x Resolving-System  |z lizenzpflichtig  |3 Volltext  |7 1 
856 4 0 |u https://journal.equinoxpub.com/IJSNR/article/view/34397  |x Verlag  |z lizenzpflichtig  |3 Volltext  |7 1 
951 |a AR 
ELC |a 1 
ITA |a 1  |t 1 
LOK |0 000 xxxxxcx a22 zn 4500 
LOK |0 001 4864541434 
LOK |0 003 DE-627 
LOK |0 004 195061204X 
LOK |0 005 20260129134214 
LOK |0 008 260129||||||||||||||||ger||||||| 
LOK |0 040   |a DE-Tue135  |c DE-627  |d DE-Tue135 
LOK |0 092   |o n 
LOK |0 852   |a DE-Tue135 
LOK |0 852 1  |9 00 
LOK |0 866   |x *** Rezension - keine Sacherschließung, eg *** 
LOK |0 935   |a ixzs  |a ixzo 
LOK |0 939   |a 29-01-26  |b l01 
OAS |a 1 
ORI |a SA-MARC-ixtheoa001.raw 
REL |a 1 
SUB |a REL